Gaming Quiz

Random Gaming or Nintendo Quiz

Gaming Silhouettes II Quiz Stats

Quiz Updated Jul 22, 2016

Also try: Gaming Silhouettes
Challenge
Share
Tweet
Score 0/24 Timer 06:00
1 Play Today
R/C Character % Correct
1AxLuigi
98%
3DxDr. Ivo 'Eggman' Robotnik
75.8%
2CxSolid Snake
75.3%
5BxFox McCloud
75.2%
1ExNess
69.8%
3FxLucario
69.6%
1FxLara Croft
69.1%
5GxMr. Game & Watch
65.7%
4BxPit
63.8%
2FxYellow Pikmin
61.2%
4CxDuke Nukem
57.3%
2AxShovel Knight
56.8%
R/C Character % Correct
3ExFreddy Fazbear
53.9%
2ExCaptain Douglas J. Falcon
53.6%
1CxPhoenix Wright
53.4%
1BxSly Cooper
53.2%
3BxMarth
52.6%
5CxBayonetta
48.5%
1GxTom Nook
42.1%
4DxProfessor Hershel Layton
40.4%
5AxScout
38.9%
1DxCastle Crasher
37.9%
2DxJak & Daxter
35.3%
4AxAmaterasu
22.9%

You're not logged in!

Compare scores with friends on all Sporcle quizzes.
Sign Up with Email
OR
Log In

You Might Also Like...

Show Comments

Extras

Top Quizzes Today


Score Distribution

Your Account Isn't Verified!

In order to create a playlist on Sporcle, you need to verify the email address you used during registration. Go to your Sporcle Settings to finish the process.